| 000 | 00464nam a22001337a 4500 | ||
|---|---|---|---|
| 008 | 230619b xxu||||| |||| 00| 0 eng d | ||
| 020 | _a9789211302264 | ||
| 082 |
_a305 _bIPU |
||
| 110 |
_bUnited Nations _cSwitzerland _d2003 |
||
| 245 |
_aThe Convention on the Elimination of All Forms of Discrimination against Women and its Optional Protocal _bHandbook for parliamentarians |
||
| 260 |
_aSwitzerland _bAll rights reserved _c2003 |
||
| 300 | _a121p | ||
| 942 |
_2ddc _cBK |
||
| 999 |
_c1364 _d1364 |
||